Záverečný prejav [na konferencii v B. Bystrici na tému] "Vysokoškolský učiteľ a hlavné smery jeho pôsobenia v komunistickej výchove študentov"

Bibliographic Details
Main Author: Dzugas, Jozef, 1928-2007 (Author)
Format: Article
Language:Slovak
Subjects:

MARC

LEADER 00000naa a2200000 a 4500
001 vtls008949465
003 SK-MaSNL
005 20260302145640.0
008 060126 1975 xo | 000 0 slo
015 |a SNBRA1977 
040 |a SNKBUCL  |b slo  |c SNKBUCL  |e AACR2 
041 0 |a slo 
044 |a xo  |c SK 
080 |a 37.01:141.82:378  |2 2001 
080 |a 141.82:378  |2 2001 
080 |a 378  |2 2001 
100 1 |a Dzugas, Jozef,  |d 1928-2007  |4 aut  |9 215589 
245 1 0 |a Záverečný prejav [na konferencii v B. Bystrici na tému] "Vysokoškolský učiteľ a hlavné smery jeho pôsobenia v komunistickej výchove študentov"  |c J. Dzugas 
650 0 7 |a komunistická výchova  |2 snkbucl  |9 349146 
650 0 7 |a vysoké školy  |2 snkbucl  |9 1277 
650 0 7 |a vysokoškolskí učitelia  |2 snkbucl  |9 66590 
773 0 |t Vysokoškolský učiteľ a hlavné smery jeho pôsobenia v komunistickej výchove študentov  |d Bratislava: 1975  |g S. 442-447 
999 |c 1355021  |d 1356951